Yu-Gi-Oh ! Monstre (5) - Statistiques

Statistiques générales
  • Ce quiz a été pris 49 fois
  • Le résultat moyen est 132 sur 144
Statistiques - réponses
Question Tuile Select % Correct
Qui est Cocon d'Évolution ? Non
100%
Qui est Cocon d'Évolution ? Oui
100%
Qui est Cocon d'Évolution ? Non
100%
Qui est Cocon d'Évolution ? Non
100%
Qui est Cocon d'Évolution ? Non
100%
Qui est Cocon d'Évolution ? Non
100%
Qui est Cocon d'Évolution ? Non
100%
Qui est Cocon d'Évolution ? Non
100%
Qui est Cocon d'Évolution ? Non
100%
Qui est Cocon d'Évolution ? Non
100%
Qui est Cocon d'Évolution ? Non
100%
Qui est Cocon d'Évolution ? Non
100%
Qui est Scarabée Hercule ? Non
100%
Qui est Scarabée Hercule ? Non
100%
Qui est Scarabée Hercule ? Non
100%
Qui est Scarabée Hercule ? Non
100%
Qui est Scarabée Hercule ? Non
100%
Qui est Scarabée Hercule ? Non
100%
Qui est Scarabée Hercule ? Non
100%
Qui est Scarabée Hercule ? Non
100%
Qui est Scarabée Hercule ? Oui
100%
Qui est Scarabée Hercule ? Non
100%
Qui est Scarabée Hercule ? Non
100%
Qui est Scarabée Hercule ? Non
100%
Qui est Coccinelle à Marque de Crâne ? Non
100%
Qui est Coccinelle à Marque de Crâne ? Non
100%
Qui est Coccinelle à Marque de Crâne ? Non
100%
Qui est Coccinelle à Marque de Crâne ? Non
100%
Qui est Coccinelle à Marque de Crâne ? Oui
100%
Qui est Coccinelle à Marque de Crâne ? Non
100%
Qui est Coccinelle à Marque de Crâne ? Non
100%
Qui est Coccinelle à Marque de Crâne ? Non
100%
Qui est Coccinelle à Marque de Crâne ? Non
100%
Qui est Coccinelle à Marque de Crâne ? Non
100%
Qui est Coccinelle à Marque de Crâne ? Non
100%
Qui est Coccinelle à Marque de Crâne ? Non
100%
Qui est Larve de Papillon ? Non
100%
Qui est Larve de Papillon ? Non
100%
Qui est Larve de Papillon ? Non
100%
Qui est Larve de Papillon ? Non
100%
Qui est Larve de Papillon ? Non
100%
Qui est Larve de Papillon ? Non
100%
Qui est Larve de Papillon ? Non
100%
Qui est Larve de Papillon ? Non
100%
Qui est Larve de Papillon ? Non
100%
Qui est Larve de Papillon ? Non
100%
Qui est Reine Insecte ? Non
98%
Qui est Reine Insecte ? Non
98%
Qui est Reine Insecte ? Non
98%
Qui est Reine Insecte ? Non
98%
Qui est Reine Insecte ? Non
98%
Qui est Reine Insecte ? Non
98%
Qui est Reine Insecte ? Non
98%
Qui est Reine Insecte ? Non
98%
Qui est Reine Insecte ? Oui
98%
Qui est Reine Insecte ? Non
98%
Qui est Reine Insecte ? Non
98%
Qui est Reine Insecte ? Non
98%
Qui est Kamakiri Volant N°1 ? Non
98%
Qui est Kamakiri Volant N°1 ? Non
98%
Qui est Kamakiri Volant N°1 ? Non
98%
Qui est Kamakiri Volant N°1 ? Non
98%
Qui est Kamakiri Volant N°1 ? Non
98%
Qui est Kamakiri Volant N°1 ? Non
98%
Qui est Larve de Papillon ? Non
98%
Qui est Larve de Papillon ? Oui
98%
Qui est Grand Moth Ultimement Parfait ? Non
98%
Qui est Grand Moth Ultimement Parfait ? Non
98%
Qui est Grand Moth Ultimement Parfait ? Non
98%
Qui est Grand Moth Ultimement Parfait ? Non
98%
Qui est Grand Moth Ultimement Parfait ? Non
98%
Qui est Grand Moth Ultimement Parfait ? Non
98%
Qui est Grand Moth Ultimement Parfait ? Non
98%
Qui est Kamakiri Volant N°2 ? Non
98%
Qui est Kamakiri Volant N°2 ? Non
98%
Qui est Kamakiri Volant N°2 ? Non
98%
Qui est Kamakiri Volant N°2 ? Non
98%
Qui est Kamakiri Volant N°2 ? Non
98%
Qui est Kamakiri Volant N°2 ? Non
98%
Qui est Kamakiri Volant N°1 ? Non
95%
Qui est Kamakiri Volant N°1 ? Non
95%
Qui est Kamakiri Volant N°1 ? Non
95%
Qui est Grand Papillon ? Non
95%
Qui est Grand Papillon ? Non
95%
Qui est Grand Papillon ? Non
95%
Qui est Grand Papillon ? Non
95%
Qui est Grand Papillon ? Non
95%
Qui est Grand Papillon ? Non
95%
Qui est Grand Papillon ? Non
95%
Qui est Pinch Hopper ? Non
93%
Qui est Pinch Hopper ? Non
93%
Qui est Pinch Hopper ? Non
93%
Qui est Pinch Hopper ? Non
93%
Qui est Pinch Hopper ? Non
93%
Qui est Grand Moth Ultimement Parfait ? Non
93%
Qui est Kamakiri Volant N°2 ? Non
93%
Qui est Kamakiri Volant N°2 ? Non
93%
Qui est Grand Papillon ? Non
93%
Qui est Kiseitai ? Non
90%
Qui est Kiseitai ? Non
90%
Qui est Kiseitai ? Non
90%
Qui est Kiseitai ? Non
90%
Qui est Kiseitai ? Non
90%
Qui est Kiseitai ? Non
90%
Qui est Pinch Hopper ? Non
90%
Qui est Pinch Hopper ? Non
90%
Qui est Grand Moth Ultimement Parfait ? Non
90%
Qui est Grand Papillon ? Non
90%
Qui est Léghul ? Non
88%
Qui est Léghul ? Non
88%
Qui est Léghul ? Non
88%
Qui est Léghul ? Non
88%
Qui est Léghul ? Non
88%
Qui est Léghul ? Non
88%
Qui est Grand Moth Ultimement Parfait ? Non
88%
Qui est Kamakiri Volant N°2 ? Non
88%
Qui est Grand Papillon ? Non
88%
Qui est Léghul ? Non
85%
Qui est Léghul ? Non
85%
Qui est Léghul ? Non
85%
Qui est Kiseitai ? Non
85%
Qui est Kiseitai ? Non
85%
Qui est Kamakiri Volant N°1 ? Non
85%
Qui est Pinch Hopper ? Non
85%
Qui est Pinch Hopper ? Non
85%
Qui est Grand Moth Ultimement Parfait ? Non
85%
Qui est Pinch Hopper ? Non
83%
Qui est Kiseitai ? Non
80%
Qui est Kiseitai ? Non
80%
Qui est Léghul ? Non
78%
Qui est Pinch Hopper ? Non
78%
Qui est Kamakiri Volant N°2 ? Non
76%
Qui est Kiseitai ? Non
73%
Qui est Kamakiri Volant N°2 ? Non
71%
Qui est Léghul ? Non
68%
Qui est Grand Moth Ultimement Parfait ? Oui
68%
Qui est Grand Papillon ? Non
68%
Qui est Kamakiri Volant N°1 ? Non
63%
Qui est Léghul ? Oui
56%
Qui est Grand Papillon ? Oui
56%
Qui est Pinch Hopper ? Oui
51%
Qui est Kiseitai ? Oui
46%
Qui est Kamakiri Volant N°1 ? Oui
44%
Qui est Kamakiri Volant N°2 ? Oui
29%
Aucun quiz correspondant
Distribution des résultats
% des personnes avec chaque résultat
Percentile par nombre de réponses
Votre historique - résultats
Vous n’avez pas pris ce quiz